00873nam a2200229 i 4500001000300000245009400003246005600097260005400153300003700207500011500244504001200359650003000371650002000401655001400421700002200435020001500457040000800472041001100480080001300491008004100504856009800545bg00aTechnika informatyczna :bsłownictwo znormalizowane /c[oprac. Hanna Kłodnicka et al.].18aSłownictwo znormalizowane - technika informatyczna aWarszawa :bPolski Komitet Normalizacyjny,c1999. a[4], VI, 400 s. :bil. ;c25 cm. aTyt. nagł.: Słownictwo znormalizowane - technika informatyczna. - Tekst częśc. równol. pol., ang., fr. aIndeks. 9aInformatykaxterminologia 9aSłownik polski aSłowniki1 aKŁODNICKA, Hanna a8386629665 cBPK0 aplenfr a004(038) s pl f |000 0 pol  uhttp://koha.tu.koszalin.pl/cgi-bin/koha/opac-detail.pl?biblionumber=39884yKatalog online BPK